Hack the Quiz #4 - Statistics

General Stats
  • This quiz has been taken 921 times
  • The average score is 26 of 32
Answer Stats
Cipher Word % Correct
14 is
94%
78 industry
93%
16 is
91%
29 Bollywood?
91%
45 city?
91%
47 country
91%
30 country's
90%
39 by
90%
52 film
90%
83 called
90%
25 and
89%
35 What
89%
91 What
89%
49 Libya?
87%
58 what
86%
01 What
85%
26 country
85%
57 home
85%
98 to
85%
05 The
84%
75 surrounded
83%
07 is
82%
94 both
80%
53 Ruhr?
79%
62 borders
79%
India
79%
80 Vatican
77%
66 the
73%
69 Benin
72%
Rome
65%
Germany
50%
Niger
47%
No matching quizzes found
Score Distribution
Percent of People with Each Score
Percentile by Number Answered
Your Score History
You have not taken this quiz